01068nam a2200265 a 4500001001000000003000900010005001700019008004100036040002500077082002600102100002800128245007900156246002300235250001200258260004300270300003100313490007400344490002800418501006500446563007600511650002400587650002700611700006500638830009900703000009766DO-SdBNP20240412074213.0091001s1986 dr a r 001 p spa d aDO-SdBNPbspacBNPHU4 aRD861.44bC355a, 1986 aCastro, Tomás,d1959-10aAmor a quemarropa :bEntrega inmediata y otros incendios /cTomás Castro1 aAmor a quema rropa a4a. ed. aSanto Domingo :bUniversitaria,c1986. a119, 96 p. :bil.;c21 cm.1 aPublicaciones de la Universidad Autónoma de Santo Domingov509, 5101 aArte y sociedadv24, 25 aPublicado con: Entrega inmediata y otros incendios (2a. ed.) aDos obras con paginación independiente en encuadernación invertida. 0aPoesía dominicana 0aLiteratura dominicana.12aCastro, Tomás,d1959-tEntrega inmediata y otros incendios 0aPublicaciones de la Universidad Autónoma de Santo Domingov509, 510pArte y sociedadn24, 25